000 00349nam a2200157Ia 4500
003 Ost
005 20260225132558.0
008 260225s9999||||xx |||||||||||||| ||und||
040 _cfsic
041 _afre
082 _a302.23
100 _aRobert Jauze
_eAuteur
245 0 _aLa communication piege /
245 0 _cRobert Jauze
942 _cكتاب
999 _c34587
_d34587